Normal view
MARC view
- QAZI AITEZAZ AHMED
Entry Personal Name
001 - CONTROL NUMBER
- control field: 70501
003 - CONTROL NUMBER IDENTIFIER
- control field: NUST
005 - DATE AND TIME OF LATEST TRANSACTION
- control field: 20210628204503.0
008 - FIXED-LENGTH DATA ELEMENTS
- fixed length control field: 210628|| aca||aabn | a|a d
040 ## - CATALOGING SOURCE
- Original cataloging agency: NUST
- Transcribing agency: NUST
100 ## - HEADING--PERSONAL NAME
- Personal name: QAZI AITEZAZ AHMED
670 ## - SOURCE DATA FOUND
- Source citation: Work cat.: (NUST): QAZI AITEZAZ AHMED, TH-SOF-1197-An Investigation into Salient Region Detection Models, 2014
